000 00564nam a2200205Ia 4500
005 20250923145143.0
008 008 250917s9999 xx 000 0 eng d
037 _aTextual
040 _aDSWL
_beng
_cDSWL
041 _aeng
_2eng
084 _aYX;5-B.56, N68
_qDSWL
100 _aGeorge, V.
_9832306
245 0 _aSocial Security
_cby V. George
260 _aNew York
_b Routledge & Kegan Paul
_c1968
300 _axii,587p.
365 _aINR
_b35
925 _g35
942 _cTEXL
_hYX;5-B.56, N68
999 _c1447808
_d1447808